Proceedings 1998: Florida watermelon institute
Spremljeno u:
| Glavni autor: | |
|---|---|
| Format: | Knjiga |
| Jezik: | engleski |
| Izdano: |
Gainesville
University of California
1998
|
| Teme: | |
| Oznake: |
Dodaj oznaku
Bez oznaka, Budi prvi tko označuje ovaj zapis!
|
MARC
| LEADER | 00000nam a2200000 a 4500 | ||
|---|---|---|---|
| 001 | UCQ3385 | ||
| 003 | CL-VaPUC | ||
| 008 | 980821e19980000US |||||||||||||||||eng|d | ||
| 082 | 0 | 4 | |a 635.615 |b HOC |2 21 |
| 100 | |a Hochmuth, George Joseph |e author |9 448981 | ||
| 245 | 1 | 0 | |a Proceedings 1998: Florida watermelon institute |
| 300 | |a 77 p | ||
| 942 | |c BK | ||
| 945 | |d 19980821 00:00:00 |a aarredon | ||
| 260 | |a Gainesville |b University of California |c 1998 | ||
| 650 | 7 | |a SANDIA |2 CL-VaPUC |9 417479 | |
| 650 | 0 | |a Control de plagas |9 327373 | |
| 650 | 0 | |a Producción |9 263680 | |
| 650 | 0 | |a Cultivos |9 264356 | |
| 650 | 0 | |a Fertilizantes |9 262833 | |
| 650 | 0 | |a Polinización |9 259680 | |
| 650 | 7 | |a CITRULLUS LANATUS |2 CL-VaPUC |9 417480 | |
| 583 | |a last modification |c 19980821 00:00:00 |k Rodrigo Vera | ||
| 999 | |c 273971 |d 273969 | ||